Kam smeruje ekonomický vývoj postsocialistických krajín Príloha Hospodárskych novín
Tri základné skupiny postsocialistických krajín podľa tempa rastu HDP. Súčasné problémy jednotlivých krajín pri postupnej obnove výroby v priemysle a poľnohospodárstve. Problémy investičnej výstavby, jej štruktúry a jej vplyvu na vnútornú rovnováhu.
Saved in:
| Main Author: | |
|---|---|
| Format: | Book Chapter |
| Language: | Slovak |
| Subjects: | |
| Tags: |
No Tags, Be the first to tag this record!
|
MARC
| LEADER | 00000naa a2200000 4500 | ||
|---|---|---|---|
| 001 | r026871 | ||
| 005 | 20230824091402.8 | ||
| 041 | 0 | |a slo | |
| 044 | |a SK | ||
| 245 | 1 | 0 | |a Kam smeruje ekonomický vývoj postsocialistických krajín |b Príloha Hospodárskych novín |c Ján Artur Oberhauser |
| 520 | |a Tri základné skupiny postsocialistických krajín podľa tempa rastu HDP. Súčasné problémy jednotlivých krajín pri postupnej obnove výroby v priemysle a poľnohospodárstve. Problémy investičnej výstavby, jej štruktúry a jej vplyvu na vnútornú rovnováhu. | ||
| 610 | 2 | 0 | |a CEFTA |
| 610 | 2 | 0 | |a SVE |
| 610 | 2 | 0 | |a 1992-1997 |
| 610 | 2 | 0 | |a rast hospodársky |
| 610 | 2 | 0 | |a situácia hospodárska |
| 610 | 2 | 0 | |a ukazovatele ekonomické |
| 610 | 2 | 0 | |a priemysel |
| 610 | 2 | 0 | |a poľnohospodárstvo |
| 100 | 1 | |a Oberhauser, Ján Artur | |